000
00345nam a2200145Ia 4500
008
090124s9999 xx 000 0 und d
082
_b
301516
245
_a
कसोटी
250
_a
1
260
_b
कर्णिक हेमन
_c
1985
300
_a
160
630
_a
कसोटी
730
_a
कसोटी
942
_c
BOOK
999
_c
191091
_d
191091